00266nam a2200097Ia 4500008004100000082001900041100003400060245002900094260003700123300000800160150731s2009 xx 000 0 und d a615.53bH 09 M aMUSALGANVKAR,GAJANAN SHASHTRI aHINDI SAKHNYATATV KOMUDI bCHAUKHAMBHA PUB. NEW DELHIc2009 a397